000 00650nam a2200229 a 4500
001 53394
003 BD-RjUL
005 20211209075944.0
008 161006s2006 enk||||| |||| 001 0 eng d
035 _a(BD-RjUL)53514)
040 _aBD-RjUL
_beng
_cBD-RjUL
_dBD-RjUL
041 _aeng
082 _223
_a539
_bARU 2006
100 _aAruldhas, G
_9159583
245 1 0 _aModern physics /
_cG Aruldhas; P Rajagopal
260 _aNew Delhi :
_bPrentice-Hall of India,
_c©2005 [printing 2006]
300 _axvi, 440 p. ;
_c24 cm.
500 _aInclude index
650 _aModern physics
_9159584
700 _aRajagopal, P
_9159585
942 _2ddc
_cBK
999 _c53394
_d53394